World Leader to country - Statistics

General Stats
  • This quiz has been taken 26 times
  • The average score is 7 of 10
Answer Stats
Picture Answer % Correct
France
100%
Germany
100%
India
95%
South Korea
95%
Brazil
65%
Mexico
65%
Spain
60%
Venezuela
50%
Azerbaijan
25%
Kazakhstan
20%
No matching quizzes found
Score Distribution
Percent of People with Each Score
Percentile by Number Answered
Your Score History
You have not taken this quiz